Iron Maiden members - Statistics

General Stats
  • This quiz has been taken 323 times
  • The average score is 9 of 11
Answer Stats
Hint Answer % Correct
Lead Vocals (1981-1993/1999-present) Bruce Dickinson
100%
Bass (1975-present) Steve Harris
98%
Guitars (1980-1990/1999-present) Adrian Smith
94%
Lead Vocals (1978-1981) Paul DiAnno
94%
Drums (1982-present) Nicko McBrain
93%
Guitars (1976-1977/1978-present) Dave Murray
91%
Guitars (1990-present) Janick Gers
89%
Lead Vocals (1994-1999) Blaze Bayley
76%
Drums (1979-1982) Clive Burr
73%
Guitars (1979-1980) Dennis Stratton
52%
Drums (1977-1979) Doug Sampson
27%
No matching quizzes found
Score Distribution
Percent of People with Each Score
Percentile by Number Answered
Your Score History
You have not taken this quiz